Lost prophets : An insider's history of ghe modern economist (Record no. 9828)
[ view plain ]
| 000 -LEADER | |
|---|---|
| fixed length control field | 00403nam a2200157Ia 4500 |
| 001 - CONTROL NUMBER | |
| control field | 8504 |
| 008 - FIXED-LENGTH DATA ELEMENTS--GENERAL INFORMATION | |
| fixed length control field | 140325s9999 xx 000 0 und d |
| 020 ## - INTERNATIONAL STANDARD BOOK NUMBER | |
| International Standard Book Number | 0-87584-441-3 |
| 040 ## - CATALOGING SOURCE | |
| Transcribing agency | PK-LaUMT |
| 082 ## - DEWEY DECIMAL CLASSIFICATION NUMBER | |
| Classification number | 330.092 |
| Item number | MAL-L |
| 100 ## - MAIN ENTRY--PERSONAL NAME | |
| Personal name | Malabre, Alfred L. |
| 245 ## - TITLE STATEMENT | |
| Title | Lost prophets : An insider's history of ghe modern economist |
| Statement of responsibility, etc | Malabre, Alfred L. |
| 300 ## - PHYSICAL DESCRIPTION | |
| Extent | 256 p. |
| 546 ## - LANGUAGE NOTE | |
| Language note | EN |
| 942 ## - ADDED ENTRY ELEMENTS (KOHA) | |
| Koha item type | Books |
| Withdrawn status | Lost status | Source of classification or shelving scheme | Damaged status | Not for loan | Home library | Current library | Date acquired | Total Checkouts | Full call number | Barcode | Date last seen | Price effective from | Koha item type |
|---|---|---|---|---|---|---|---|---|---|---|---|---|---|
| Dewey Decimal Classification | UMT Main Campus | UMT Main Campus | 2014-03-25 | 330.092 MAL-L | 9609 | 2014-03-25 | 2014-03-25 | Books | |||||
| Dewey Decimal Classification | UMT Main Campus | UMT Main Campus | 2014-06-03 | 330.092 MAL-L | 12596 | 2014-06-03 | 2014-06-03 | Books |
